000 00344nam a2200121Ia 4500
008 220204s9999 xx 000 0 und d
082 _a065
_bADL
100 _aAdler, Ronald B
245 0 _aConfidence in communication: A guide to assertive and social skills
260 _aNew York
_bHolt Rinehart
_c1977
650 _aCommunication
942 _cBK
999 _c26432
_d26432